Recopilación de leyes, decretos, y reglamentos de tránsito y caminos
Wedi'i Gadw mewn:
| Prif Awdur: | |
|---|---|
| Fformat: | Llyfr |
| Iaith: | Sbaeneg |
| Cyhoeddwyd: |
Santiago
Jurídica Ediar-ConoSur
1989
|
| Rhifyn: | 2a. ed |
| Pynciau: | |
| Tagiau: |
Ychwanegu Tag
Dim Tagiau, Byddwch y cyntaf i dagio'r cofnod hwn!
|
MARC
| LEADER | 00000nam a2200000 a 4500 | ||
|---|---|---|---|
| 001 | UCV1409 | ||
| 003 | CL-VaPUC | ||
| 008 | 900611e19890000CL |||||||||||||||||spa|d | ||
| 082 | 0 | 4 | |a 343.094 |b VOD |2 21 |
| 100 | 0 | |a Vodanovic Haklicka, Antonio |e author |9 295663 | |
| 245 | 1 | 0 | |a Recopilación de leyes, decretos, y reglamentos de tránsito y caminos |
| 250 | |a 2a. ed | ||
| 300 | |a 481 p | ||
| 942 | |c BK | ||
| 945 | |d 19900611 00:00:00 | ||
| 260 | |a Santiago |b Jurídica Ediar-ConoSur |c 1989 | ||
| 650 | 7 | |a TRANSPORTE |2 CL-VaPUC |9 256365 | |
| 650 | 0 | |a Derecho y legislación |9 255077 | |
| 651 | 7 | |a CHILE |2 CL-VaPUC |9 295664 | |
| 583 | |a last modification |c 19900611 00:00:00 |k Rodrigo Vera | ||
| 999 | |c 209367 |d 209365 | ||
| 952 | |0 0 |1 0 |4 0 |6 343_094000000000000_VOD_1989 |7 0 |8 A |9 184730 |a BIBDER |b BIBDER |d 2019-11-14 |i 2520516 |o 343.094 VOD 1989 |p 2520516 |r 2023-01-25 |w 2019-11-14 |y BK |k DER | ||